Surviving the Cold (Record no. 335091)
[ view plain ]
| 000 -LEADER | |
|---|---|
| fixed length control field | 00465nam a2200097Ia 4500 |
| 008 - FIXED-LENGTH DATA ELEMENTS--GENERAL INFORMATION | |
| fixed length control field | 170517s9999 xx 000 0 und d |
| 245 ## - TITLE STATEMENT | |
| Title | Surviving the Cold |
| 300 ## - PHYSICAL DESCRIPTION | |
| Extent | Valery Malkov made the headlines when he fell out of a train in Siberia in -40 degrees Celsius wearing practically nothing, ran for 30 minutes to the next station and survived. The man said that he had gone to... |
| 650 ## - SUBJECT ADDED ENTRY--TOPICAL TERM | |
| General subdivision | Technology. |
| 856 ## - ELECTRONIC LOCATION AND ACCESS | |
| Uniform Resource Identifier | <a href="http://topdocumentaryfilms.com/surviving-cold/">http://topdocumentaryfilms.com/surviving-cold/</a> |
| Withdrawn status | Lost status | Damaged status | Home library | Current library | Date acquired | Total Checkouts | Date last seen | Price effective from | Koha item type |
|---|---|---|---|---|---|---|---|---|---|
| College Library | College Library | 05/17/2017 | 05/17/2017 | 05/17/2017 | Documentary Films |